|
|
|
|
| LEADER |
02374nam a2200433 a 4500 |
| 001 |
29545 |
| 003 |
BD-DhAAL |
| 005 |
20251208111840.0 |
| 008 |
150729r20142013stk b 001 0 eng |
| 010 |
|
|
|a 2012047645
|
| 020 |
|
|
|a 9780702042904 (pbk)
|
| 020 |
|
|
|a 9780702042911 (International)
|
| 035 |
|
|
|a (DNLM)101596715
|
| 040 |
|
|
|a DNLM/DLC
|c DLC
|d DLC
|d BD-DhAAL
|
| 042 |
|
|
|a pcc
|
| 050 |
0 |
0 |
|a RS200
|b .A95 2007
|
| 060 |
1 |
0 |
|a QV 786
|
| 082 |
0 |
0 |
|a 615.1
|2 23
|
| 245 |
0 |
0 |
|a Aulton's pharmaceutics :
|b the design and manufacture of medicines /
|c edited by Michael E. Aulton and Kevin M.G. Taylor.
|
| 246 |
1 |
|
|a Pharmaceutics
|
| 250 |
|
|
|a Forth edition.
|
| 260 |
|
|
|a Edinburgh :
|b Churchill Livingstone/Elsevier,
|c 2013 [reprinted 2014].
|
| 300 |
|
|
|a xiii, 894 pages ;
|c 25 cm.
|
| 504 |
|
|
|a Includes bibliographical references and index.
|
| 541 |
|
|
|e 29545
|
| 650 |
1 |
2 |
|a Dosage Forms.
|9 13319
|
| 650 |
2 |
2 |
|a Biopharmaceutics
|x methods.
|9 13320
|
| 650 |
2 |
2 |
|a Drug Compounding
|x methods.
|9 13321
|
| 650 |
2 |
2 |
|a Drug Design.
|9 11940
|
| 650 |
2 |
2 |
|a Pharmacy.
|9 44120
|
| 700 |
1 |
|
|a Aulton, Michael E.
|9 13322
|
| 700 |
1 |
|
|a Taylor, Kevin,
|d 1961-
|9 13323
|
| 942 |
|
|
|2 ddc
|c BK
|
| 999 |
|
|
|c 35095
|d 35095
|
| 952 |
|
|
|0 0
|1 0
|2 ddc
|3 Please send to the cataloguing team; Need to change call number within the book ;
|4 0
|6 615_100000000000000_AUL
|7 0
|9 55009
|a BRACUL
|b BRACUL
|c GEN
|d 2015-07-29
|e Development Book Agency
|g 2500.00
|l 10
|m 121
|o 615.1 AUL
|p 3010029545
|r 2024-06-09
|s 2024-04-30
|t 1
|w 2015-07-29
|y BK
|
| 952 |
|
|
|0 0
|1 0
|2 ddc
|4 0
|6 615_100000000000000_AUL
|7 0
|9 55010
|a BRACUL
|b BRACUL
|c GEN
|d 2015-07-29
|e Development Book Agency
|g 2500.00
|l 6
|m 67
|o 615.1 AUL
|p 3010029546
|r 2022-04-11
|s 2020-02-18
|t 2
|w 2015-07-29
|y BK
|
| 952 |
|
|
|0 0
|1 0
|2 ddc
|4 0
|6 615_100000000000000_AUL
|7 0
|9 55011
|a BRACUL
|b BRACUL
|c GEN
|d 2015-07-29
|e Development Book Agency
|g 2500.00
|l 5
|m 44
|o 615.1 AUL
|p 3010029547
|r 2022-04-11
|s 2020-02-18
|t 3
|w 2015-07-29
|y BK
|
| 952 |
|
|
|0 0
|1 0
|2 ddc
|4 0
|6 615_100000000000000_AUL
|7 0
|9 55012
|a BRACUL
|b BRACUL
|c GEN
|d 2015-07-29
|e Development Book Agency
|g 2500.00
|l 5
|m 52
|o 615.1 AUL
|p 3010029548
|r 2024-03-04
|s 2024-02-07
|t 4
|w 2015-07-29
|y BK
|
| 952 |
|
|
|0 0
|1 0
|2 ddc
|3 Please send to the cataloguing team; Need to change call number within the book ;
|4 0
|6 615_100000000000000_AUL
|7 0
|9 55013
|a PHR
|b PHR
|c GEN
|d 2015-07-29
|e Development Book Agency
|g 2500.00
|l 2
|m 41
|o 615.1 AUL
|p 3010029549
|r 2016-09-26
|s 2016-07-24
|t 5
|w 2015-07-29
|y BK
|